Lágrimas de cocodrilo

Đã lưu trong:
Chi tiết về thư mục
Tác giả chính: Laborda Gil, Xavier
Tác giả của công ty: e-libro, Corp
Định dạng: eBook
Ngôn ngữ:Tiếng Tây Ban Nha
Được phát hành: Barcelona : Editorial UOC, 2012.
Những chủ đề:
Truy cập trực tuyến:https://elibro.unach.elogim.com/es/lc/unach/titulos/56616
Các nhãn: Thêm thẻ
Không có thẻ, Là người đầu tiên thẻ bản ghi này!

MARC

LEADER 00000nam a2200000 a 4500
001 ELB56616
003 FlNmELB
006 m o d |
007 cr cn|||||||||
008 130205r2012 sp |||||s|||||||||||spa d
020 |z 9788490296530 
035 |a (MiAaPQ)EBC3207427 
035 |a (Au-PeEL)EBL3207427 
035 |a (CaPaEBR)ebr10646683 
035 |a (OCoLC)929410518 
040 |a FlNmELB  |b spa  |c FlNmELB 
050 4 |a ZA3038  |b L1238 2012 
080 |a 002 
082 0 4 |a 020  |2 22 
100 1 |a Laborda Gil, Xavier. 
245 1 0 |a Lágrimas de cocodrilo  |h [recurso electronico]  |c Xavier Laborda Gil. 
260 |a Barcelona :  |b Editorial UOC,  |c 2012. 
300 |a 151 p. 
533 |a Recurso electrónico. Santa Fe, Arg.: e-libro, 2015. Disponible vía World Wide Web. El acceso puede estar limitado para las bibliotecas afiliadas a e-libro. 
650 4 |a Language Arts and Disciplines.  |x Public speaking. 
650 4 |a Artes y disciplinas del lenguaje.  |x Manuales de estilo. 
650 4 |a Language arts and disciplines.  |x style manuals. 
650 4 |a Artes y disciplinas del lenguaje.  |x Discurso público. 
655 4 |a Libros electrónicos. 
710 2 |a e-libro, Corp. 
856 4 0 |u https://elibro.unach.elogim.com/es/lc/unach/titulos/56616